|
|
|
|
| LEADER |
01282nam a22002657a 4500 |
| 001 |
ESSECOA636 |
| 003 |
BD-DhAAL |
| 005 |
20250817154139.0 |
| 008 |
191022t2019 bg a|||| b||| 00| 0 eng d |
| 082 |
|
|
|a 337.709172
|
| 100 |
|
|
|a Amin, ATM Nurul
|9 36330
|
| 245 |
|
|
|a ECO 636 sustainable urbanization policy :
|b selected readings /
|c ATM Nurul Amin.
|
| 260 |
|
|
|a Dhaka :
|b Brac University,
|c 2019.
|
| 300 |
|
|
|a 194 pages ;
|b illustrations :
|c 29 cm.
|
| 504 |
|
|
|a Includes bibliographical references.
|
| 526 |
|
|
|a ESS
|
| 541 |
|
|
|a ESS
|e ESSECOA636, ESSECOB636
|
| 650 |
|
|
|a Sustainable development
|x Developing countries
|9 36331
|
| 650 |
|
|
|a Urbanization
|x Environmental aspects
|x Developing countries
|9 36332
|
| 650 |
|
|
|a Environmental policy
|x Developing countries
|9 36333
|
| 852 |
|
|
|a Ayesha Abed Library
|c General Stacks
|
| 942 |
|
|
|2 ddc
|c 1HOUR
|
| 999 |
|
|
|c 41666
|d 41666
|
| 952 |
|
|
|0 0
|1 4
|2 ddc
|4 0
|6 337_709172000000000_AMI
|7 0
|9 66904
|a BRACUL
|b BRACUL
|c CIR
|d 2019-10-22
|e Complimentary copy from ESS
|l 0
|o 337.709172 AMI
|p ESSECOA636
|r 2019-10-22
|t 1
|w 2019-10-22
|y 1HOUR
|x Koha Inventory 2020
|
| 952 |
|
|
|0 0
|1 4
|2 ddc
|4 0
|6 337_709172000000000_AMI
|7 0
|9 66905
|a BRACUL
|b BRACUL
|c CIR
|d 2019-10-22
|e Complimentary copy from ESS
|l 0
|o 337.709172 AMI
|p ESSECOB636
|r 2019-10-22
|t 2
|w 2019-10-22
|y 1HOUR
|x Koha Inventory 2020
|